Textbook of psychiatric epidemiology / (Record no. 3037)

000 -LEADER
fixed length control field 01788cam a22005054a 4500
001 - CONTROL NUMBER
control field 16527670
003 - CONTROL NUMBER IDENTIFIER
control field OSt
005 - DATE AND TIME OF LATEST TRANSACTION
control field 20170105101207.0
008 - FIXED-LENGTH DATA ELEMENTS--GENERAL INFORMATION
fixed length control field 101029s2011 enka b 001 0 eng
010 ## - LIBRARY OF CONGRESS CONTROL NUMBER
LC control number 2010046396
016 7# - NATIONAL BIBLIOGRAPHIC AGENCY CONTROL NUMBER
Record control number 101546184
Source DNLM
016 7# - NATIONAL BIBLIOGRAPHIC AGENCY CONTROL NUMBER
Record control number 015738824
Source Uk
020 ## - INTERNATIONAL STANDARD BOOK NUMBER
International Standard Book Number 9780470694671 (cloth)
020 ## - INTERNATIONAL STANDARD BOOK NUMBER
International Standard Book Number 047069467X (cloth)
020 ## - INTERNATIONAL STANDARD BOOK NUMBER
International Standard Book Number 9780470976722 (ePDF)
020 ## - INTERNATIONAL STANDARD BOOK NUMBER
International Standard Book Number 0470976721 (ePDF)
020 ## - INTERNATIONAL STANDARD BOOK NUMBER
International Standard Book Number 9780470976739 (Wiley Online Library)
020 ## - INTERNATIONAL STANDARD BOOK NUMBER
International Standard Book Number 047097673X (Wiley Online Library)
020 ## - INTERNATIONAL STANDARD BOOK NUMBER
International Standard Book Number 9780470977408 (ePub)
020 ## - INTERNATIONAL STANDARD BOOK NUMBER
International Standard Book Number 047097740X (ePub)
035 ## - SYSTEM CONTROL NUMBER
System control number (OCoLC)ocn678397561
040 ## - CATALOGING SOURCE
Original cataloging agency DNLM/DLC
Transcribing agency DLC
Modifying agency YDX
-- NLM
-- YDXCP
-- CDX
-- UKMGB
-- DLC
042 ## - AUTHENTICATION CODE
Authentication code pcc
050 00 - LIBRARY OF CONGRESS CALL NUMBER
Classification number RC455.2.E64
Item number T49 2011
060 00 - NATIONAL LIBRARY OF MEDICINE CALL NUMBER
Classification number 2011 F-716
060 10 - NATIONAL LIBRARY OF MEDICINE CALL NUMBER
Classification number WM 140
082 00 - DEWEY DECIMAL CLASSIFICATION NUMBER
Classification number 362.2/0422
Edition number 22
245 00 - TITLE STATEMENT
Title Textbook of psychiatric epidemiology /
Statement of responsibility, etc. edited by Ming Tsuang, Mauricio Tohen, Peter B. Jones.
250 ## - EDITION STATEMENT
Edition statement 3rd ed.
260 ## - PUBLICATION, DISTRIBUTION, ETC.
Place of publication, distribution, etc. Chichester, West Sussex ;
-- Hoboken, NJ :
Name of publisher, distributor, etc. Wiley-Blackwell,
Date of publication, distribution, etc. 2011.
300 ## - PHYSICAL DESCRIPTION
Extent xiv, 646 p. :
Other physical details ill. ;
Dimensions 26 cm.
500 ## - GENERAL NOTE
General note Rev. ed. of: Textbook in psychiatric epidemiology / edited by Ming T. Tsuang, Mauricio Tohen. 2nd ed. c2002.
504 ## - BIBLIOGRAPHY, ETC. NOTE
Bibliography, etc. note Includes bibliographical references and index.
650 #0 - SUBJECT ADDED ENTRY--TOPICAL TERM
Topical term or geographic name entry element Psychiatric epidemiology.
650 12 - SUBJECT ADDED ENTRY--TOPICAL TERM
Topical term or geographic name entry element Epidemiologic Methods.
650 12 - SUBJECT ADDED ENTRY--TOPICAL TERM
Topical term or geographic name entry element Mental Disorders
General subdivision epidemiology.
650 22 - SUBJECT ADDED ENTRY--TOPICAL TERM
Topical term or geographic name entry element Mental Disorders
General subdivision diagnosis.
700 1# - ADDED ENTRY--PERSONAL NAME
Personal name Tsuang, Ming T.,
Dates associated with a name 1931-
700 1# - ADDED ENTRY--PERSONAL NAME
Personal name Tohen, Mauricio.
700 1# - ADDED ENTRY--PERSONAL NAME
Personal name Jones, Peter B.
Fuller form of name (Peter Brian),
Dates associated with a name 1960-
730 0# - ADDED ENTRY--UNIFORM TITLE
Uniform title Textbook in psychiatric epidemiology.
906 ## - LOCAL DATA ELEMENT F, LDF (RLIN)
a 7
b cbc
c orignew
d 1
e ecip
f 20
g y-gencatlg
942 ## - ADDED ENTRY ELEMENTS (KOHA)
Source of classification or shelving scheme
Koha item type Book
Holdings
Withdrawn status Lost status Source of classification or shelving scheme Damaged status Not for loan Collection code Permanent Location Current Location Shelving location Date acquired Total Checkouts Full call number Barcode Date last seen Price effective from Koha item type
            Central Library (CL) Central Library (CL) General Stacks 04/29/2016   362.2/0422 TEX S3H-S-359 04/29/2016 04/29/2016 Book
© 2023 Central Library, National University of Sciences and Technology. All Rights Reserved.